Social performance : symbolic action, cultural pragmatics, and ritual / (Record no. 8630)
[ view plain ]
| 000 -LEADER | |
|---|---|
| fixed length control field | 02751nac a22004331u 4500 |
| 010 ## - LIBRARY OF CONGRESS CONTROL NUMBER | |
| LC control number | 2006298282 |
| 020 ## - INTERNATIONAL STANDARD BOOK NUMBER | |
| International Standard Book Number | 0521857953 (hbk.) |
| 020 ## - INTERNATIONAL STANDARD BOOK NUMBER | |
| International Standard Book Number | 052167462X (pbk.) |
| 024 3# - | |
| -- | 9780521857956 |
| 024 3# - | |
| -- | 9780521674621 |
| 035 ## - SYSTEM CONTROL NUMBER | |
| System control number | (OCoLC)ocm62132936 |
| 082 00 - DEWEY DECIMAL CLASSIFICATION NUMBER | |
| Classification number | 306.01 |
| Item number | SOC |
| 090 ## - LOCALLY ASSIGNED LC-TYPE CALL NUMBER (OCLC); LOCAL CALL NUMBER (OCLC) | |
| -- | 8630 |
| -- | 8630 |
| 100 ## - MAIN ENTRY--PERSONAL NAME | |
| Personal name | 20080729 |
| 245 00 - TITLE STATEMENT | |
| Title | Social performance : symbolic action, cultural pragmatics, and ritual / |
| Remainder of title | symbolic action, cultural pragmatics, and ritual / |
| Statement of responsibility, etc | edited by Jeffrey C. Alexander, Bernhard Giesen, Jason L. Mast. |
| 260 ## - PUBLICATION, DISTRIBUTION, ETC. (IMPRINT) | |
| Place of publication, distribution, etc | Cambridge, UK ; |
| -- | New York : |
| Name of publisher, distributor, etc | Cambridge University Press,2006. |
| Date of publication, distribution, etc | 2006. |
| 300 ## - PHYSICAL DESCRIPTION | |
| Extent | xv, 374 : |
| Other physical details | ill. ; |
| Dimensions | 24 cm. |
| 440 #0 - | |
| -- | Cambridge cultural social studies |
| 500 ## - GENERAL NOTE | |
| General note | Distributer: Bacca |
| 504 ## - BIBLIOGRAPHY, ETC. NOTE | |
| Bibliography, etc | Includes bibliographical references and index. |
| 505 0# - FORMATTED CONTENTS NOTE | |
| Formatted contents note | Introduction : Symbolic action in theory and practice : the cultural pragmatics of symbolic action / Jeffrey C. Alexander and Jason L. Mast -- Cultural pragmatics : social performance between ritual and strategy ; From the depths of despair : performance, counterperformance, and "September 11" / Jeffrey C. Alexander -- The cultural pragmatics of event-ness : the Clinton/Lewinsky affair / Jason L. Mast -- Social dramas, shipwrecks, and cockfights : conflict and complicity in social performance / Isaac Reed -- Performing a "new" nation : the role of the TRC in South Africa / Tanya Goodman -- Performing opposition or, how social movements move / Ron Eyerman -- Politics as theatre : an alternative view of the rationalities of power / David E. Apter -- Symbols in action : Willy Brandt's kneefall at the Warsaw memorial / Valentin Rauer -- The promise of performance and the problem of order / Kay Junge -- Performance art / Bernhard Giesen -- Performing the sacred : a Durkheimian perspective on the performative turn in the social sciences / Bernhard Giesen. |
| 511 ## - PARTICIPANT OR PERFORMER NOTE | |
| Participant or performer note | Catalogued by: Sara |
| 650 #0 - SUBJECT ADDED ENTRY--TOPICAL TERM | |
| Topical term or geographic name as entry element | Culture. |
| 650 #0 - SUBJECT ADDED ENTRY--TOPICAL TERM | |
| Topical term or geographic name as entry element | Performative (Philosophy) |
| 650 #0 - SUBJECT ADDED ENTRY--TOPICAL TERM | |
| Topical term or geographic name as entry element | Action theory. |
| 650 #0 - SUBJECT ADDED ENTRY--TOPICAL TERM | |
| Topical term or geographic name as entry element | Symbolism (Psychology) |
| 650 #0 - SUBJECT ADDED ENTRY--TOPICAL TERM | |
| Topical term or geographic name as entry element | Cognition and culture. |
| 650 #0 - SUBJECT ADDED ENTRY--TOPICAL TERM | |
| Topical term or geographic name as entry element | Symbolic interactionism. |
| 650 #0 - SUBJECT ADDED ENTRY--TOPICAL TERM | |
| Topical term or geographic name as entry element | Sociaal handelen. |
| 650 #0 - SUBJECT ADDED ENTRY--TOPICAL TERM | |
| Topical term or geographic name as entry element | Symboliek. |
| 650 #0 - SUBJECT ADDED ENTRY--TOPICAL TERM | |
| Topical term or geographic name as entry element | Riten. |
| 700 1# - ADDED ENTRY--PERSONAL NAME | |
| Personal name | Alexander, Jeffrey C., |
| Dates associated with a name | 1947- |
| 700 1# - ADDED ENTRY--PERSONAL NAME | |
| Personal name | Giesen, Bernhard, |
| Dates associated with a name | 1948- |
| 700 1# - ADDED ENTRY--PERSONAL NAME | |
| Personal name | Mast, Jason L. |
| 856 42 - ELECTRONIC LOCATION AND ACCESS | |
| Materials specified | Publisher description |
| Uniform Resource Identifier | <a href="http://www.loc.gov/catdir/enhancements/fy0668/2006298282-d.html">http://www.loc.gov/catdir/enhancements/fy0668/2006298282-d.html</a> |
| 856 42 - ELECTRONIC LOCATION AND ACCESS | |
| Materials specified | Table of contents only |
| Uniform Resource Identifier | <a href="http://www.loc.gov/catdir/enhancements/fy0668/2006298282-t.html">http://www.loc.gov/catdir/enhancements/fy0668/2006298282-t.html</a> |
| 856 42 - ELECTRONIC LOCATION AND ACCESS | |
| Materials specified | Contributor biographical information |
| Uniform Resource Identifier | <a href="http://www.loc.gov/catdir/enhancements/fy0733/2006298282-b.html">http://www.loc.gov/catdir/enhancements/fy0733/2006298282-b.html</a> |
| 942 ## - ADDED ENTRY ELEMENTS (KOHA) | |
| Item type | Book - Borrowing |
| Call number prefix | 306.01SOC |
| Withdrawn status | Item status | Damaged status | Not for loan | Home library | Current library | Shelving location | Date acquired | Source of acquisition | Total Checkouts | Full call number | Barcode | Date last seen | Date last borrowed | Koha item type |
|---|---|---|---|---|---|---|---|---|---|---|---|---|---|---|
| Central Library | Central Library | First floor | 08/03/2016 | Purchase | 1 | 306.01SOC | 000010562 | 15/07/2025 | 23/04/2017 | Book - Borrowing |